| 000 | 01655nam0a2200337 4500 | ||
|---|---|---|---|
| 001 | RU\NLR\BIBL_A\022344826 | ||
| 005 | 20260408160158.0 | ||
| 010 | _a978-5-9710-5691-1 | ||
| 035 | _a(NLR Aleph) 022344826 | ||
| 090 |
_a13463890 _c13463890 |
||
| 100 | _a20241007d2023 k y0rusy50 ca | ||
| 101 | 0 | _arus | |
| 102 | _aRU | ||
| 105 | _ay|||z|||000yy | ||
| 181 | 0 |
_ai4 _baxxe |
|
| 182 | 0 | _an | |
| 200 | 1 |
_aУчение о виде у растений _eстраница из истории биологии _fВ. Л. Комаров |
|
| 203 |
_aТекст _bвизуальный _cнепосредственный |
||
| 205 | _aИзд. 2-е, стер. | ||
| 210 |
_aМосква _cURSS, ЛЕНАНД _d2023 |
||
| 215 |
_a244, [1] с. _d21 |
||
| 225 | 1 |
_aИз наследия естественно-научной мысли: биология _v№ 64 |
|
| 300 | _aНа 4-й с. обл. авт.: В. Л. Комаров, ботаник, педагог, проф., д-р ботаники, чл.-кор. Император. акад. наук, действ. чл. Акад. наук СССР, Герой соц. труда, лауреат Сталин. премий первой степени | ||
| 320 | _aБиблиогр. в тексте и в подстроч. примеч. | ||
| 606 |
_aРастения _xВиды _91257309 _3RU\NLR\AUTH\66198312 |
||
| 686 | 1 | _aЕ52 | |
| 700 | 1 |
_7ca _8rus _aКомаров _bВ. Л. _cботаник, географ _f1869-1945 _gВладимир Леонтьевич _987142 _3RU\NLR\AUTH\77104217 |
|
| 942 | _cBOOK | ||
| 980 | _aNB | ||